Dítě se sluchovým postižením /

Hlavní autor: Skákalová, Tereza
Korporativní autor: Univerzita Hradec Králové. Ústav primární a preprimární edukace
Jazyk: Čeština
Vydáno: Hradec Králové : Gaudeamus, 2014
Vydání: Vyd. 1.
Témata:
Fyzický popis: 81 s., [1] s. obr. příl. : il. ; 21 cm
Knihy
Uloženo v:
LEADER 01675nam a2200433 a 4500
001 nkc20152664170
003 CZ PrNK
005 20150319155836.0
007 ta
008 150210s2014 xr af e p 000 0 cze
015 |a cnb002664170 
020 |a 978-80-7435-502-8  |q (brož.) 
035 |a (OCoLC)907527825 
040 |a OLA001  |b cze 
072 7 |a 376  |x Výchova a vzdělávání zvláštních skupin osob  |2 Konspekt  |9 22 
072 7 |a 37.016  |x Učební osnovy. Vyučovací předměty. Učebnice  |2 Konspekt  |9 22 
080 |a 376  |2 MRF 
080 |a 316.344.6-056.263-053.2  |2 MRF 
080 |a (07)  |2 MRF 
100 1 |a Skákalová, Tereza  |7 xx0134237  |4 aut 
245 1 0 |a Dítě se sluchovým postižením /  |c Tereza Skákalová 
250 |a Vyd. 1. 
260 |a Hradec Králové :  |b Gaudeamus,  |c 2014 
300 |a 81 s., [1] s. obr. příl. :  |b il. ;  |c 21 cm 
500 |a Nad názvem: Univerzita Hradec Králové, Pedagogická fakulta, Ústav primární a preprimární edukace 
500 |a 150 výt. 
504 |a Obsahuje bibliografii a bibliografické odkazy 
650 0 7 |a speciální pedagogika  |7 ph116230  |2 czenas 
650 0 7 |a děti se sluchovým postižením  |7 ph116186  |2 czenas 
650 0 9 |a special education  |2 eczenas 
650 0 9 |a hearing impaired children  |2 eczenas 
655 7 |a učební texty  |7 fd133599  |2 czenas 
655 9 |a educational texts  |2 eczenas 
710 2 |a Univerzita Hradec Králové.  |b Ústav primární a preprimární edukace  |7 xx0055403 
910 2 |a BOA001  |b 2-1341.830 
990 |a BK 
995 |a 01 
991 |b 201503  |c NOV  |e n 
996 6 |b 2610623506  |c 2-1341.830  |l MZK  |r Sklad / do 1 hodiny  |n 28  |p p.v.  |w 001491920  |u 000010  |a 1  |e BOA001  |j MZK50  |s P